[Event "EU-ch blitz"]
[Site "Tallinn"]
[Date "2019.12.07"]
[Round "14"]
[White "Nguyen, Thai Dai Van"]
[Black "Chernyak, Viktoria"]
[Result "1-0"]
[WhiteElo "2419"]
[BlackElo "2213"]
[PlyCount "151"]
[EventDate "2019.12.07"]
[EventType "swiss (blitz)"]
[EventRounds "22"]
[EventCountry "EST"]
[SourceTitle "CBM 193 Extra"]
[Source "ChessBase"]
[SourceDate "2020.01.31"]
[SourceVersion "1"]
[SourceVersionDate "2020.01.31"]
[SourceQuality "1"]

1. d4 d5 2. c4 e6 3. Nf3 c6 4. Nc3 dxc4 5. a4 Bb4 6. e3 b5 7. Bd2 a5 8. Be2 Bb7 9. 0-0 Nf6 10. Qb1 Qb6 11. b3 Bxc3 12. Bxc3 b4 13. bxc4 Nbd7 14. c5 Qc7 15. Bb2 Ba6 16. Bxa6 Rxa6 17. Qd3 Ra8 18. Nd2 0-0 19. Nc4 Rfd8 20. Qe2 Nf8 21. f4 Ne4 22. f5 exf5 23. Rxf5 Ng6 24. Raf1 f6 25. Nd2 Re8 26. Nxe4 Rxe4 27. d5 cxd5 28. Rxd5 Rae8 29. Bd4 Nf4 30. Rxf4 Qxf4 31. Qc4 Qg4 32. h3 Qd1+ 33. Kh2 Kh8 34. c6 b3 35. c7 Qc2 36. Qxc2 bxc2 37. Rc5 Rc8 38. Rxc2 h5 39. Bb6 Rxa4 40. Rd2 Re4 41. Rd8+ Re8 42. Bxa5 Kh7 43. e4 Kg6 44. Kg3 Kf7 45. Kf4 Ke7 46. Kf5 Kf7 47. Bb6 Re5+ 48. Kf4 Re8 49. Kg3 g5 50. h4 gxh4+ 51. Kh3 Ke7 52. Kxh4 Ke6 53. Kxh5 Ke5 54. Kg6 Ke6 55. Kg7 Re7+ 56. Kg6 Rexc7 57. Bxc7 Rxc7 58. Re8+ Kd7 59. Rf8 Rc2 60. g4 Rg2 61. Kf5 Rf2+ 62. Kg6 Rg2 63. Kxf6 Rxg4 64. Ke5 Ke7 65. Rh8 Rg1 66. Rh7+ Ke8 67. Ke6 Rg6+ 68. Kf5 Rg1 69. e5 Ra1 70. Kf6 Kd8 71. Rh8+ Kd7 72. e6+ Kd6 73. Rd8+ Kc7 74. e7 Rf1+ 75. Kg5 Rg1+ 76. Kf4 1-0

[Event "EU-ch rapid"]
[Site "Tallinn"]
[Date "2019.12.05"]
[Round "3"]
[White "Chernyak, Viktoria"]
[Black "Ladva, Ottomar"]
[Result "1-0"]
[WhiteElo "2233"]
[BlackElo "2446"]
[PlyCount "95"]
[EventDate "2019.12.05"]
[EventType "swiss"]
[EventRounds "13"]
[EventCountry "EST"]
[SourceTitle "CBM 193 Extra"]
[Source "ChessBase"]
[SourceDate "2020.01.31"]
[SourceVersion "1"]
[SourceVersionDate "2020.01.31"]
[SourceQuality "1"]

1. c4 e6 2. Nf3 d5 3. g3 dxc4 4. Qa4+ Nd7 5. Qxc4 a6 6. Bg2 b5 7. Qc2 Bb7 8. b3 Ngf6 9. Bb2 Be7 10. 0-0 0-0 11. Nc3 c5 12. Rac1 Rc8 13. d3 Qb6 14. h3 Rfd8 15. Kh2 Nb8 16. e4 Nc6 17. Qe2 Nd7 18. Nd1 Nd4 19. Qd2 Bf6 20. Nxd4 Bxd4 21. Bxd4 cxd4 22. Rxc8 Rxc8 23. f4 Qc5 24. Qf2 e5 25. h4 Nf6 26. Bh3 Re8 27. g4 Bc8 28. Kg3 h5 29. f5 hxg4 30. Bxg4 Nxg4 31. Kxg4 g6 32. Qg3 Kf8 33. h5 gxh5+ 34. Kxh5 Ke7 35. Qg7 Qd6 36. Nf2 Kd8 37. Ng4 Kc7 38. Qxf7+ Re7 39. Rc1+ Kb6 40. Qg6 Be6 41. fxe6 Rxe6 42. Qg8 Ka5 43. Rc2 Kb4 44. Qf7 Re7 45. Qf6 Re6 46. Qf2 Qe7 47. Qe1+ Ka3 48. Qa5# 1-0